|
|
|
|
| LEADER |
00000naa2a2200000 4500 |
| 001 |
151942 |
| 005 |
20231031150859.0 |
| 035 |
|
|
|a (RuTPU)RU\TPU\book\164765
|
| 035 |
|
|
|a RU\TPU\tpu\13944
|
| 090 |
|
|
|a 151942
|
| 100 |
|
|
|a 20090128d1973 k y0rusy50 ca
|
| 101 |
0 |
|
|a rus
|
| 102 |
|
|
|a RU
|
| 200 |
1 |
|
|a Закономерность распределения и генетические черты золотоносности восточной части Даурской зоны Центрального Забайкалья
|f Г. В. Шубин
|
| 463 |
|
0 |
|0 (RuTPU)RU\TPU\book\139279
|t Геология
|o материалы конференции, посвященные 75-летию института
|f Томский политехнический институт ; под ред. А. В. Аксарина
|v С. 87-88
|d 1973
|p 232 с.
|
| 610 |
1 |
|
|a труды учёных ТПУ
|
| 700 |
|
1 |
|a Шубин
|b Г. В.
|c российский геолог
|c профессор Томского политехнического университета
|f 1930-2002
|g Генрих Владимирович
|2 stltpush
|3 (RuTPU)RU\TPU\pers\13903
|
| 801 |
|
1 |
|a RU
|b 63413507
|c 20080213
|g PSBO
|
| 801 |
|
2 |
|a RU
|b 63413507
|c 20090128
|g PSBO
|
| 942 |
|
|
|c BK
|